LEADER 00944nam a22002411i 4500 001 991002103809707536 005 20030410084918.0 008 030925s1872 it |||||||||||||||||ita 035 $ab12242640-39ule_inst 035 $aARCHE-029026$9ExL 040 $aBiblioteca Interfacoltà$bita$cA.t.i. Arché s.c.r.l. Pandora Sicilia s.r.l. 082 04$a264 100 0 $aBonaventura :$cda Bagnorea $0293401 245 13$aIl saltero della B. V. Maria :$bvolgarizzamento antico toscano /$ccompilato da San Bonaventura 260 $aBologna :$bGaetano Romagnoli,$c1872 300 $aXV, 113 p. ;$c18 cm 650 4$aPreghiera 907 $a.b12242640$b02-04-14$c08-10-03 912 $a991002103809707536 945 $aLE002 It. XXII A 22$g1$i2002000098436$lle002$o-$pE0.00$q-$rn$so $t0$u0$v0$w0$x0$y.i12627112$z08-10-03 996 $aSaltero della B. V. Maria$9154062 997 $aUNISALENTO 998 $ale002$b08-10-03$cm$da $e-$fita$git $h3$i1 LEADER 01313nam0 22003013i 450 001 RMS2572470 005 20231121125811.0 010 $a9788895101316 100 $a20130327d2012 ||||0itac50 ba 101 | $aita 102 $ait 181 1$6z01$ai $bxxxe 182 1$6z01$an 200 1 $aAntropologia e ricerca$epercorsi nella rappresentazione$f[a cura di] Giovanni De Vita$gscritti di Giovanni De Vita e Pamela Papetti 210 $aRoccasecca (FR)$cArte Stampa Editore$d2012 215 $a206 p.$cill.$d21 cm. 606 $aAntropologia$2FIR$3RMLC001428$9I 676 $a301$9Sociologia e antropologia.$v14 700 1$aDe Vita$b, Giovanni$f <1950- >$3RMSV467709$01440367 701 1$aPapetti$b, Pamela$3RMSV963300$01447104 801 3$aIT$bIT-01$c20130327 850 $aIT-FR0017 899 $aBiblioteca umanistica Giorgio Aprea$bFR0017 912 $aRMS2572470 950 0$aBiblioteca umanistica Giorgio Aprea$d 52MAG 8/1914$e 52DUS0000000345 VMN RS $fA $h20130327$i20130327$d 52MAG Scambio$e 52SBA0000153675 VMN RS $fA $h20130530$i20130530$d 52MAG Scambio$e 52SBA0000153685 VMN RS $fA $h20130530$i20130530 977 $a 52 996 $aAntropologia e ricerca$93635371 997 $aUNICAS